| 000 | 00875cam a2200265 a 4500 | ||
|---|---|---|---|
| 001 | BD-DhSAU 8319 | ||
| 003 | BD-DhSAU | ||
| 005 | 20150611140752.0 | ||
| 008 | 861112s1987 nyua eb 000 0 eng | ||
| 020 | _a0070792925 (set) | ||
| 040 | _aBD-DhSAU | ||
| 082 | 0 | 0 |
_a503.21 _222 _bMCG |
| 245 | 0 | 0 |
_aMcGraw-Hill encyclopedia of science & technology : _can international reference work in twenty volumes including an index / |
| 250 | _a6th ed. | ||
| 260 |
_aNew York : _bMcGraw-Hill, _cc1987. |
||
| 300 |
_aviii, 636 p. : _bill. ; _c29 cm. |
||
| 440 |
_aSUR-TYR _vVol. 18 |
||
| 590 | _aJerin | ||
| 650 | 0 |
_aScience _xEncyclopedias. |
|
| 650 | 0 |
_aTechnology _xEncyclopedias. |
|
| 740 | 0 | _aMcGraw-Hill encyclopedia of science and technology. | |
| 740 | 0 | _aEncyclopedia of science & technology. | |
| 740 | 0 | _aEncyclopedia of science and technology. | |
| 942 |
_2ddc _cBOOK |
||
| 999 |
_c8319 _d8319 |
||